Quadre de preus de : 3.586 elements simples i de 46 compostos d' edificació, urbanització i enginyeria civil, 2.412 partides d' obra d' edificació, 1.730 partides d' obra d' urbanització / Institut de Tecnologia de la Construcció de Catalunya 3.586 elements simples i de 46 compostos d' edificació, urbanització i enginyeria civil, 2.412 partides d' obra d' edificació, 1.730 partides d' obra d' urbanització / Institut de Tecnologia de la Construcció de Catalunya
ISBN:
84-85954-48-3
Descripción Física:
131, 496, 322 p. ; 30 cm
Materias:
Construcció -- Pressupostos
MARC
| LEADER | 00000nam a2200000Ia 4500 | ||
|---|---|---|---|
| 001 | 6290 | ||
| 003 | BGR | ||
| 005 | 20260324175214.0 | ||
| 008 | 160829s1987 xx 000 0 cat d | ||
| 020 | |a 84-85954-48-3 | ||
| 080 | |a C-1-127 | ||
| 110 | |a Institut de Tecnologia de la Construcció de Catalunya |b Departament de Terminologia |9 66821 | ||
| 245 | |a Quadre de preus de : |b 3.586 elements simples i de 46 compostos d' edificació, urbanització i enginyeria civil, 2.412 partides d' obra d' edificació, 1.730 partides d' obra d' urbanització / Institut de Tecnologia de la Construcció de Catalunya | ||
| 260 | |a Barcelona : |b BEDEC alfa : |b Diputació de Barcelona, |c 1987 | ||
| 300 | |a 131, 496, 322 p. ; |c 30 cm | ||
| 590 | |a BEDEC: Banc Estructural de Dades alfanumériques sobre Elements Constructius | ||
| 650 | |a Construcció |x Pressupostos |9 20228 | ||
| 710 | 1 | |a Barcelona (Catalunya : Província). |b Diputació |9 52408 | |
| 901 | |a Arxiu | ||
| 942 | |n 1 |2 udc |c MON | ||
| 952 | |0 0 |1 0 |4 0 |6 C1127 |7 1 |9 41500 |a Arxiu |b Arxiu |d 2016-12-01 |l 0 |o C-1-127 |p 6290 |r 2016-12-01 00:00:00 |w 2016-12-01 |y ARXIU | ||
| 999 | |c 43308 |d 43308 | ||